[Event "Thessaloniki Triandria op 2nd"]
[Site "Thessaloniki"]
[Date "2009.04.27"]
[Round "1"]
[White "Ivanov, Jordan"]
[Black "Norkin, Alexey"]
[Result "1-0"]
[WhiteElo "2435"]
[BlackElo "2122"]
[PlyCount "55"]
[EventDate "2009.04.27"]
[EventType "swiss"]
[EventRounds "9"]
[EventCountry "GRE"]
[SourceTitle "CBM 130 Extra"]
[Source "ChessBase"]
[SourceDate "2009.07.02"]
[SourceVersion "2"]
[SourceVersionDate "2009.07.15"]
[SourceQuality "1"]

1. Nf3 d5 2. c4 c6 3. e3 Nf6 4. Nc3 e6 5. b3 Nbd7 6. Qc2 Bd6 7. Bb2 Qe7 8. Rd1 b6 9. cxd5 exd5 10. Nd4 Nb8 11. Nxc6 Nxc6 12. Nxd5 Qb7 13. Bxf6 gxf6 14. Bb5 Bd7 15. Nxf6+ Kd8 16. Nxd7 Kxd7 17. Qc4 Rhf8 18. Rc1 Rac8 19. 0-0 Rc7 20. d4 a6 21. Bxa6 b5 22. Bxb5 Rb8 23. Qxf7+ Kd8 24. Qg8+ Ke7 25. Qxh7+ Kd8 26. Qg8+ Ke7 27. Qg5+ Kf7 28. Bxc6 1-0